000 00843nam a2200241 a 4500
001 000006096
005 20260416092410.0
008 090826s1982 dr 000 0 spa d
040 _aDO-SdBNP
_bspa
_cBNPHU
082 _a364
_bD725i
100 1 _aDotel Matos, Héctor
_91202
245 1 0 _aIntroducción al estudio de la criminología /
_cHéctor Dotel Matos.
260 _aSanto Domingo :
_bPublicaciones de la Universidad CETEC,
_c1982.
300 _a167 p. :
_bretrs. ;
_c20 cm.
490 0 _aDerecho
_vI
500 _aIncluye referencias bibliográficas y notas al pie de las páginas
590 _aInventariado, 2020/MFF
650 0 _aCriminología
_917089
650 0 _aEstadística criminal
_917165
700 1 _aCabral Ortega, Héctor A.,
_epról.
_917166
830 0 _aDerecho
_v1
_911855
910 _aValidado. Control de calidad MFF
999 _c5892
_d5892